Nottingham Forest Squad 2024-2025 - Statistics

General Stats
  • This quiz has been taken 239 times
    106 since last reset
  • The average score is 22 of 29
Answer Stats
# Position Nation Player % Correct
11 FW New Zealand Chris Wood
99%
10 MF England Morgan Gibbs-White
99%
5 DF Brazil Murillo
97%
26 GK Belgium Matz Sels
96%
31 DF Serbia Nikola Milenković
96%
21 FW Sweden Anthony Elanga
95%
7 DF Wales Neco Williams
95%
34 DF Nigeria Ola Aina
93%
14 FW England Callum Hudson-Odoi
92%
6 MF Ivory Coast Ibrahim Sangaré
92%
- Coach Portugal Nuno Espírito Santo
91%
9 FW Nigeria Taiwo Awoniyi
88%
16 MF Argentina Nicolás Domínguez
87%
20 FW Portugal Jota Silva
83%
22 MF England Ryan Yates
82%
30 DF Ivory Coast Willy Boly
82%
4 DF Brazil Morato
78%
28 MF Brazil Danilo
76%
8 MF Scotland Elliot Anderson
76%
19 DF Spain Álex Moreno
71%
13 GK Wales Wayne Hennessey
68%
24 FW Paraguay Ramón Sosa
64%
25 FW Nigeria Emmanuel Dennis
63%
15 DF England Harry Toffolo
58%
33 GK Brazil Carlos Miguel
54%
18 MF England James Ward-Prowse
50%
44 DF England Zach Abbott
42%
17 FW Germany Eric da Silva Moreira
39%
12 DF Ireland Andrew Omobamidele
37%
No matching quizzes found
Score Distribution
Percent of People with Each Score
Percentile by Number Answered
Your Score History
You have not taken this quiz since the last reset